[Event "Guernsey Open"]
[Site "Guernsey GCI"]
[Date "2006.10.19"]
[Round "5"]
[White "Fraser, Mark Gordon"]
[Black "Bakre, Tejas"]
[Result "1/2-1/2"]
[WhiteElo "2191"]
[BlackElo "2447"]
[PlyCount "105"]
[EventDate "2006.10.15"]

1. e4 c5 2. Nc3 Nc6 3. f4 g6 4. Nf3 Bg7 5. Bb5 Nd4 6. O-O Nxb5 7. Nxb5 a6 8.
Nc3 d6 9. d3 b5 10. Qe1 Bb7 11. Kh1 d5 12. Nxd5 Bxd5 13. exd5 Qxd5 14. a4 b4
15. Ne5 Nh6 16. b3 Nf5 17. Bb2 O-O 18. Qf2 Rfe8 19. Rae1 Rad8 20. Re2 Rd6 21.
Rfe1 Re6 22. Kg1 Bf6 23. Ba1 Bh4 24. g3 Bf6 25. Qg2 Rd8 26. Qxd5 Rxd5 27. Kg2
Bxe5 28. Bxe5 f6 29. Bb2 Rxe2+ 30. Rxe2 Kf7 31. Kf3 Nd4+ 32. Bxd4 cxd4 33. h4
e6 34. Kg4 Ke7 35. Kf3 Kd6 36. Kg2 Rc5 37. Kf3 Kd5 38. Kf2 Rc7 39. Kf3 Re7 40.
h5 e5 41. hxg6 hxg6 42. fxe5 Rxe5 43. Rh2 Re3+ 44. Kf2 Re6 45. Kf3 Rc6 46. Re2
Rc8 47. Kf4 Rc7 48. Kf3 Rd7 49. Re8 Rc7 50. Re2 Rc6 51. Kf4 a5 52. Kf3 Re6 53.
Rh2 1/2-1/2

[Event "Guernsey Open"]
[Site "Guernsey GCI"]
[Date "2006.10.19"]
[Round "5"]
[White "Lock, Gavin R"]
[Black "Collier, David O"]
[Result "1/2-1/2"]
[WhiteElo "2226"]
[BlackElo "2175"]
[PlyCount "48"]
[EventDate "2006.10.15"]

1. Nf3 Nf6 2. c4 e6 3. g3 b6 4. Bg2 Bb7 5. O-O Be7 6. Nc3 O-O 7. Re1 d6 8. e4
e5 9. d4 Nbd7 10. b3 Re8 11. Bb2 Bf8 12. Qd2 c6 13. Rad1 Qc7 14. Bh3 Rad8 15.
a3 a6 16. b4 exd4 17. Qxd4 Ne5 18. Nxe5 dxe5 19. Qe3 c5 20. b5 Rd4 21. bxa6
Bxa6 22. Nd5 Nxd5 23. cxd5 Rxd1 24. Rxd1 Bd6 1/2-1/2

[Event "Guernsey Open"]
[Site "Guernsey GCI"]
[Date "2006.10.19"]
[Round "5"]
[White "Burrows, Martin"]
[Black "Taylor, Mark"]
[Result "1-0"]
[WhiteElo "2215"]
[BlackElo "2152"]
[PlyCount "73"]
[EventDate "2006.10.15"]

1. e4 c5 2. Nf3 Nc6 3. d4 cxd4 4. Nxd4 Nf6 5. Nc3 e5 6. Ndb5 d6 7. a4 Be6 8.
Bg5 Rc8 9. Nd5 a6 10. Nbc3 Be7 11. Nxe7 Qxe7 12. Nd5 Bxd5 13. exd5 Nb8 14. Be2
h6 15. Be3 O-O 16. a5 Nbd7 17. O-O Nh7 18. c4 f5 19. f4 exf4 20. Bxf4 g5 21.
Bd2 Ne5 22. b3 f4 23. Qc2 Qg7 24. Rae1 Nf6 25. Qb1 Nfg4 26. Bxg4 Nxg4 27. Re4
Ne5 28. Bc3 Rf5 29. Qa1 Rcf8 30. Kh1 g4 31. c5 f3 32. g3 Qg5 33. cxd6 Nd3 34.
Re7 R5f7 35. Qa4 Qxd5 36. Qxg4+ Kh7 37. Qg7+ 1-0

[Event "Guernsey Open"]
[Site "Guernsey GCI"]
[Date "2006.10.19"]
[Round "5"]
[White "Heppell, Ian N"]
[Black "Cornelisse, Johnny JA"]
[Result "1/2-1/2"]
[WhiteElo "2138"]
[BlackElo "2196"]
[PlyCount "45"]
[EventDate "2006.10.15"]

1. e4 e5 2. Nf3 Nc6 3. d4 exd4 4. c3 Nf6 5. e5 Nd5 6. Qb3 Nb6 7. cxd4 Bb4+ 8.
Bd2 Qe7 9. Bd3 d5 10. a3 Bxd2+ 11. Nbxd2 a5 12. O-O O-O 13. Qc2 h6 14. Rfe1 Be6
15. Rac1 Rfc8 16. h3 Nd7 17. Nf1 Nf8 18. Ne3 Qd8 19. Nf5 Bxf5 20. Bxf5 Ne6 21.
Bxe6 fxe6 22. Qg6 Qd7 23. Rc3 1/2-1/2

[Event "Guernsey Open"]
[Site "Guernsey GCI"]
[Date "2006.10.19"]
[Round "5"]
[White "Reijneveld, Ad"]
[Black "Westerkamp, Bert"]
[Result "1-0"]
[WhiteElo "2176"]
[BlackElo "2081"]
[PlyCount "59"]
[EventDate "2006.10.15"]

1. Nc3 e5 2. Nf3 Nc6 3. d4 exd4 4. Nxd4 Nf6 5. Bg5 d6 6. Bxf6 Qxf6 7. Ndb5 Rb8
8. Nxc7+ Kd8 9. N7d5 Qd4 10. Qxd4 Nxd4 11. O-O-O Nc6 12. e4 Be6 13. Be2 Bxd5
14. Rxd5 a6 15. Rhd1 Kc7 16. f4 Rd8 17. Rf5 f6 18. Rfd5 g6 19. R5d3 Ne7 20. Kb1
Bg7 21. Bf3 Rhe8 22. g3 b5 23. a3 f5 24. exf5 Nxf5 25. Nd5+ Kc8 26. Bg4 Kb7 27.
Bxf5 gxf5 28. Ne3 Bf8 29. Nxf5 Re2 30. R3d2 1-0

[Event "Guernsey Open"]
[Site "Guernsey GCI"]
[Date "2006.10.19"]
[Round "5"]
[White "Wiecker, Stefan"]
[Black "Havenaar, Jan"]
[Result "1-0"]
[WhiteElo "2048"]
[BlackElo "2202"]
[PlyCount "75"]
[EventDate "2006.10.15"]

1. e4 c5 2. Nf3 Nf6 3. e5 Nd5 4. Nc3 Nxc3 5. dxc3 Nc6 6. Bf4 Qc7 7. Qd2 e6 8.
O-O-O b6 9. Bd3 Bb7 10. Be4 h6 11. h4 O-O-O 12. h5 Ne7 13. Bxb7+ Qxb7 14. Qe2
b5 15. Bh2 Qa6 16. Kb1 Nd5 17. Nd2 c4 18. Ne4 f5 19. exf6 gxf6 20. Nxf6 Nxf6
21. Qe5 Qb7 22. Qxf6 Rg8 23. Bg3 Bg7 24. Qe7 Bf8 25. Qf7 Bg7 26. Qf4 Rdf8 27.
Qd6 Rf5 28. Rhe1 Bf8 29. Qd2 Bc5 30. Qxh6 b4 31. cxb4 Bxb4 32. Rxe6 Bc3 33. b3
Rd5 34. Rxd5 Qxd5 35. Rd6 Qc5 36. Qh7 Rg7 37. Qh8+ Kb7 38. Qb8+ 1-0

[Event "Guernsey Open"]
[Site "Guernsey GCI"]
[Date "2006.10.19"]
[Round "5"]
[White "Short, Stephen"]
[Black "Roberts, Paul"]
[Result "0-1"]
[WhiteElo "1835"]
[BlackElo "2189"]
[PlyCount "90"]
[EventDate "2006.10.15"]

1. e4 c5 2. Nf3 g6 3. d4 cxd4 4. Nxd4 Nc6 5. Be3 Bg7 6. c4 Nf6 7. Nc3 d6 8. Be2
O-O 9. O-O Bd7 10. Rc1 Nxd4 11. Bxd4 Bc6 12. f3 Nd7 13. Bxg7 Kxg7 14. Qd4+ f6
15. b4 Qb6 16. Qxb6 Nxb6 17. Nd5 Bxd5 18. cxd5 Rfc8 19. f4 f5 20. exf5 gxf5 21.
Bf3 Kf8 22. g4 fxg4 23. Bxg4 Rxc1 24. Rxc1 Nxd5 25. Be6 Nxb4 26. Rb1 Nd3 27.
Bf5 Nc5 28. Bxh7 Kg7 29. Bc2 Rf8 30. f5 Kf6 31. Kf2 Ke5 32. Re1+ Kf6 33. Rg1 e6
34. fxe6 Kxe6+ 35. Ke3 Rh8 36. Rg2 b5 37. Rf2 a5 38. Bf5+ Ke5 39. Bg4 Kd5 40.
Bf3+ Ke6 41. Bg4+ Ke7 42. h3 Nd7 43. Rc2 Ne5 44. Rc7+ Kf6 45. Rc8 Nxg4+ 0-1

[Event "Guernsey Open"]
[Site "Guernsey GCI"]
[Date "2006.10.19"]
[Round "5"]
[White "Hamperl, Fred"]
[Black "Vickery, Jim"]
[Result "1/2-1/2"]
[WhiteElo "2027"]
[BlackElo "2155"]
[PlyCount "40"]
[EventDate "2006.10.15"]

1. e4 Nf6 2. e5 Nd5 3. d4 d6 4. Bc4 Nb6 5. Bb3 dxe5 6. Qh5 e6 7. dxe5 a5 8. a4
Nc6 9. Nf3 Nd7 10. Bf4 g6 11. Qh3 Bg7 12. Bg5 Ne7 13. Nc3 h6 14. Bf4 Nc5 15.
Rd1 Bd7 16. O-O Nd5 17. Bc1 Qe7 18. Rfe1 Nxc3 19. bxc3 Nxa4 20. Qg4 Nb6 1/2-1/2

[Event "Guernsey Open"]
[Site "Guernsey GCI"]
[Date "2006.10.19"]
[Round "5"]
[White "Tan, HB.."]
[Black "Van Ingen, Ton"]
[Result "0-1"]
[WhiteElo "2125"]
[BlackElo "1855"]
[PlyCount "23"]
[EventDate "2006.10.15"]

1. e4 b6 2. Nf3 Bb7 3. Bc4 e6 4. Qe2 Nf6 5. e5 Nd5 6. d4 Be7 7. Bd3 c5 8. c4
Nc7 9. dxc5 Bxc5 10. Bg5 Bxf3 11. Qxf3 Qxg5 12. Nc3 0-1

[Event "Guernsey Open"]
[Site "Guernsey GCI"]
[Date "2006.10.19"]
[Round "5"]
[White "O'Toole, George E"]
[Black "Middleton, Tom"]
[Result "1-0"]
[WhiteElo "1935"]
[BlackElo "2100"]
[PlyCount "121"]
[EventDate "2006.10.15"]

1. e4 e5 2. Nf3 Nc6 3. Bb5 a6 4. Bxc6 dxc6 5. O-O Bg4 6. h3 h5 7. d3 Qf6 8.
Nbd2 Bd6 9. Re1 Ne7 10. d4 Ng6 11. c3 O-O-O 12. hxg4 hxg4 13. Nh2 Rxh2 14.
Qxg4+ Kb8 15. Nf3 Rh7 16. Bg5 Rdh8 17. Kf1 Rh1+ 18. Ke2 Rxe1+ 19. Rxe1 Qe6 20.
Qxe6 fxe6 21. dxe5 Nxe5 22. Nxe5 Bxe5 23. Be3 Kc8 24. f4 Bf6 25. e5 Be7 26. Rd1
g6 27. Kf3 Rh2 28. Kf2 c5 29. c4 Rh7 30. Kg1 b6 31. g3 a5 32. a4 c6 33. Kg2 Kc7
34. Rh1 Rxh1 35. Kxh1 Kd7 36. Kg2 Bd8 37. Kf3 Bc7 38. Ke4 Ke7 39. g4 Kf7 40. f5
Bd8 41. fxe6+ Kxe6 42. Bh6 Be7 43. Kf4 Bd8 44. Bg5 Bc7 45. Bf6 Bb8 46. Kg5 Kf7
47. e6+ Kxe6 48. Kxg6 Bf4 49. b3 Be3 50. Bd8 Bd4 51. Bxb6 Bc3 52. Bxc5 Ke5 53.
g5 Ke4 54. Kf7 Kd3 55. g6 Ba1 56. Be7 Kc2 57. Bf6 Bxf6 58. Kxf6 Kxb3 59. g7
Kxa4 60. g8=Q Kb4 61. c5 1-0

[Event "Guernsey Open"]
[Site "Guernsey GCI"]
[Date "2006.10.19"]
[Round "5"]
[White "O'Leary, Matt"]
[Black "Morris Hill, Ray"]
[Result "0-1"]
[WhiteElo "2200"]
[BlackElo "2060"]
[PlyCount "40"]
[EventDate "2006.10.15"]

1. d4 Nf6 2. c4 c5 3. Nf3 cxd4 4. Nxd4 e5 5. Nb5 d5 6. cxd5 Bc5 7. e3 O-O 8.
Bc4 Nbd7 9. O-O Nb6 10. Bb3 Nbxd5 11. Qc2 Qb6 12. N1c3 Nb4 13. Qe2 Bf5 14. e4
Nxe4 15. Nxe4 Bxe4 16. Qxe4 Qxb5 17. Bc4 Qc6 18. Qg4 Bd4 19. Be3 Qxc4 20. Rac1
Qe6 0-1

[Event "Guernsey Open"]
[Site "Guernsey GCI"]
[Date "2006.10.19"]
[Round "5"]
[White "Dodgson, John A"]
[Black "Hickman, John"]
[Result "1/2-1/2"]
[WhiteElo "2172"]
[BlackElo "2058"]
[PlyCount "70"]
[EventDate "2006.10.15"]

1. e4 d6 2. d4 Nf6 3. Nc3 g6 4. Bg5 Bg7 5. Qd2 h6 6. Bf4 g5 7. Bg3 Nh5 8. O-O-O
Nc6 9. Bb5 Bd7 10. Nge2 a6 11. Bxc6 Bxc6 12. f3 e6 13. Bf2 Qe7 14. h4 e5 15.
hxg5 hxg5 16. Be3 Nf4 17. Rxh8+ Bxh8 18. dxe5 dxe5 19. g3 Nxe2+ 20. Qxe2 Bf6
21. Nd5 Bxd5 22. Rxd5 Rd8 23. Rxd8+ Qxd8 24. g4 Be7 25. Qd2 Qxd2+ 26. Kxd2 Kd7
27. c4 Kc6 28. Kc3 f6 29. b4 b5 30. Kb3 Kb7 31. cxb5 axb5 32. a4 c6 33. axb5
cxb5 34. Bc5 Bd8 35. Bf8 Kc6 1/2-1/2

[Event "Guernsey Open"]
[Site "Guernsey GCI"]
[Date "2006.10.19"]
[Round "5"]
[White "Ippel, Cok"]
[Black "Thurlow, Kevin J"]
[Result "1/2-1/2"]
[WhiteElo "2046"]
[BlackElo "2140"]
[PlyCount "69"]
[EventDate "2006.10.15"]

1. e4 c5 2. Nf3 e6 3. d4 cxd4 4. Nxd4 Nc6 5. Be3 Nf6 6. Nc3 a6 7. Be2 Qc7 8.
O-O Be7 9. Kh1 b5 10. a3 Bb7 11. f3 Rd8 12. Qd2 d5 13. Nxc6 Bxc6 14. e5 Qxe5
15. Bf4 Qh5 16. Rg1 d4 17. Ne4 e5 18. Ng3 Qg6 19. Bxe5 Nh5 20. Bd3 Nxg3+ 21.
Bxg3 Qf6 22. Rge1 O-O 23. Re2 Bd6 24. Bxd6 Rxd6 25. Be4 Bxe4 26. Rxe4 Rfd8 27.
Rae1 h6 28. Kg1 Re6 29. Qd3 Rde8 30. Rxe6 Rxe6 31. Rd1 Re3 32. Qd2 Qe5 33. Kf2
Qxh2 34. Qxd4 Re6 35. Kf1 1/2-1/2

[Event "Guernsey Open"]
[Site "Guernsey GCI"]
[Date "2006.10.19"]
[Round "5"]
[White "Wismayer, Clive R"]
[Black "O'Driscoll, Kieran"]
[Result "1-0"]
[WhiteElo "2124"]
[BlackElo "2054"]
[PlyCount "75"]
[EventDate "2006.10.15"]

1. e4 c5 2. Nf3 d6 3. Bb5+ Nd7 4. c3 Ngf6 5. Qe2 e6 6. d4 a6 7. Bd3 b6 8. e5
Nd5 9. c4 Nc7 10. Bg5 f6 11. Nh4 Qe7 12. exd6 Qxd6 13. Nf5 fxg5 14. Nxd6+ Bxd6
15. d5 Nf6 16. Nc3 O-O 17. O-O exd5 18. cxd5 Bd7 19. Ne4 Nxe4 20. Qxe4 g6 21.
Rae1 b5 22. Qe2 Rf4 23. Qc2 Kg7 24. g3 Rf6 25. Be4 Raf8 26. Qd2 h6 27. Qa5 R8f7
28. Qb6 Bh3 29. Bg2 Bxg2 30. Kxg2 Bxg3 31. Qxf6+ Rxf6 32. fxg3 Nxd5 33. Re5 Rd6
34. Kg1 Nf6 35. Rxc5 h5 36. Rfc1 g4 37. Rc7+ Kh6 38. R7c6 1-0

[Event "Guernsey Open"]
[Site "Guernsey GCI"]
[Date "2006.10.19"]
[Round "5"]
[White "Pickersgill, Adrian"]
[Black "Dennis, Nigel W"]
[Result "1/2-1/2"]
[WhiteElo "2093"]
[BlackElo "2020"]
[PlyCount "47"]
[EventDate "2006.10.15"]

1. e4 c5 2. c3 e6 3. Nf3 d5 4. exd5 exd5 5. d4 c4 6. b3 cxb3 7. axb3 Nf6 8. Bd3
Qe7+ 9. Be2 g6 10. O-O Be6 11. Re1 Nc6 12. Bb5 a6 13. Ne5 Qc7 14. Qf3 Bg7 15.
Nxc6 bxc6 16. Bf4 Qb6 17. Ba4 O-O 18. Be5 Ne4 19. Bxg7 Kxg7 20. Qe3 Rfe8 21. f3
Nf6 22. Nd2 Bf5 23. Qf4 Bd3 24. Qd6 1/2-1/2

[Event "Guernsey Open"]
[Site "Guernsey GCI"]
[Date "2006.10.19"]
[Round "5"]
[White "Taylor, Philip"]
[Black "Twitchell, David"]
[Result "1/2-1/2"]
[WhiteElo "2082"]
[BlackElo "2013"]
[PlyCount "119"]
[EventDate "2006.10.15"]

1. d4 d5 2. c4 c5 3. e3 Nf6 4. Nc3 e6 5. Nf3 Nc6 6. a3 cxd4 7. exd4 Be7 8. Bd3
O-O 9. O-O a6 10. c5 b6 11. b4 a5 12. b5 Nxd4 13. Nxd4 Bxc5 14. Nf3 Qc7 15. Bb2
e5 16. Be2 d4 17. Na4 Bb7 18. Nxc5 bxc5 19. Rc1 Qd6 20. Re1 Rad8 21. Nxe5 Qxe5
22. Bf3 Bxf3 23. Rxe5 Bxd1 24. Rxd1 Rd5 25. Re7 Re8 26. Ra7 c4 27. g4 Rxb5 28.
Bxd4 Rd5 29. Rc7 Nxg4 30. Rxc4 f6 31. Rb1 Ne5 32. Bxe5 Rdxe5 33. Rb7 Kf8 34.
Ra7 R8e7 35. Ra8+ Kf7 36. Rc6 Rg5+ 37. Kf1 Rh5 38. a4 Ree5 39. Rc7+ Re7 40. Rc6
Rf5 41. Rca6 Ree5 42. R8a7+ Kg6 43. Rb6 h5 44. Rbb7 Kg5 45. Rxg7+ Kf4 46. Ra6
Re4 47. Rg6 Rxa4 48. Rgxf6 Ra2 49. Rxf5+ Kxf5 50. Kg2 Kf4 51. Rh6 Kg5 52. Ra6
Ra3 53. Ra8 Ra4 54. Rg8+ Kf5 55. Ra8 h4 56. h3 Ke4 57. Rh8 Kd3 58. Ra8 Kc3 59.
f4 Rxf4 60. Rxa5 1/2-1/2

[Event "Guernsey Open"]
[Site "Guernsey GCI"]
[Date "2006.10.19"]
[Round "5"]
[White "Morcom, Huw"]
[Black "Fassaert, Desire JM"]
[Result "1-0"]
[WhiteElo "1967"]
[BlackElo "2078"]
[PlyCount "43"]
[EventDate "2006.10.15"]

1. e4 c6 2. d3 d5 3. Nd2 e5 4. Ngf3 Bd6 5. g3 Nf6 6. Bg2 O-O 7. O-O Nbd7 8. Re1
Qc7 9. Nf1 Nc5 10. b4 Ne6 11. Bd2 dxe4 12. dxe4 Qb6 13. c4 c5 14. a3 Qc7 15.
Rc1 b6 16. Ne3 Nd4 17. Nxd4 cxd4 18. Nd5 Nxd5 19. exd5 Bf5 20. c5 bxc5 21. bxc5
Bxc5 22. Bb4 1-0

[Event "Guernsey Open"]
[Site "Guernsey GCI"]
[Date "2006.10.19"]
[Round "5"]
[White "Goris, Ton"]
[Black "Donoghue, John"]
[Result "1/2-1/2"]
[WhiteElo "2077"]
[BlackElo "1803"]
[PlyCount "99"]
[EventDate "2006.10.15"]

1. e4 c5 2. Nf3 e6 3. c3 Nf6 4. e5 Nd5 5. d4 cxd4 6. cxd4 d6 7. Bd3 Nc6 8. O-O
Qc7 9. Re1 Be7 10. Be4 Ndb4 11. Nc3 d5 12. Bb1 Bd7 13. a3 Na6 14. Nb5 Qb6 15.
Nd6+ Bxd6 16. exd6 Na5 17. Ne5 Nc4 18. Nxc4 dxc4 19. Bf4 O-O-O 20. Be4 f6 21.
Rc1 g5 22. Rxc4+ Kb8 23. Bd2 Rc8 24. Rxc8+ Rxc8 25. Qf3 f5 26. Bd3 Qxd4 27.
Bxa6 bxa6 28. Bc3 Qb6 29. Rd1 Rc4 30. Qd3 Qc6 31. h3 h5 32. Ba5 g4 33. Bc7+ Kb7
34. h4 Qc5 35. Qb3+ Qb5 36. Qd3 Qc5 37. Qb3+ Qb5 38. Rd3 Qxb3 39. Rxb3+ Bb5 40.
Bd8 Kc6 41. Be7 Kd7 42. Kh2 Rf4 43. Kg3 Rd4 44. Rc3 f4+ 45. Kh2 Rc4 46. Rb3 Kc8
47. Rc3 Rxc3 48. bxc3 Kd7 49. Bg5 e5 50. Be7 1/2-1/2

[Event "Guernsey Open"]
[Site "Guernsey GCI"]
[Date "2006.10.19"]
[Round "5"]
[White "Goris Schouwstra, Adri"]
[Black "Wantoch, Markus"]
[Result "1/2-1/2"]
[WhiteElo "1879"]
[BlackElo "2063"]
[PlyCount "47"]
[EventDate "2006.10.15"]

1. d4 Nf6 2. Nf3 e6 3. e3 b6 4. Be2 Bb7 5. O-O Be7 6. c4 O-O 7. Nc3 d6 8. a3
Nbd7 9. b4 a5 10. Bb2 axb4 11. axb4 Ne4 12. Nxe4 Bxe4 13. Qd2 f5 14. b5 Bf6 15.
Rxa8 Bxa8 16. Ra1 Be4 17. Ne1 e5 18. dxe5 Bxe5 19. Bxe5 Nxe5 20. h3 Qh4 21. f3
Ra8 22. Rxa8+ Bxa8 23. f4 Nd7 24. Bf3 1/2-1/2

[Event "Guernsey Open"]
[Site "Guernsey GCI"]
[Date "2006.10.19"]
[Round "5"]
[White "Dijksterhuis, Rolf"]
[Black "Warmerdam, Rob"]
[Result "1-0"]
[WhiteElo "2047"]
[BlackElo "1796"]
[PlyCount "43"]
[EventDate "2006.10.15"]

1. e4 c5 2. Nf3 e6 3. d4 cxd4 4. Nxd4 Nf6 5. Nc3 Nc6 6. a3 a6 7. Be2 Qc7 8. O-O
Be7 9. Be3 O-O 10. Kh1 d6 11. f4 Rd8 12. Qe1 e5 13. fxe5 dxe5 14. Nf5 Nd4 15.
Nxe7+ Qxe7 16. Bg5 Nxe2 17. Nxe2 Qe6 18. Nc3 Rd6 19. Bxf6 gxf6 20. Nd5 Rxd5 21.
exd5 Qxd5 22. Rd1 1-0

[Event "Guernsey Open"]
[Site "Guernsey GCI"]
[Date "2006.10.19"]
[Round "5"]
[White "Burton, Ronnie"]
[Black "Cross, Ian K"]
[Result "1-0"]
[WhiteElo "2056"]
[BlackElo "1890"]
[PlyCount "61"]
[EventDate "2006.10.15"]

1. d4 Nf6 2. Nf3 d5 3. Bf4 e6 4. e3 Bd6 5. Ne5 Nbd7 6. Bd3 c5 7. Nxf7 Qa5+ 8.
c3 Bxf4 9. Nxh8 Bh6 10. Nd2 Kf8 11. O-O Kg8 12. Ng6 hxg6 13. Bxg6 Qc7 14. f4
Nf8 15. Bd3 c4 16. Bc2 N8h7 17. Qf3 Qe7 18. Rae1 Bd7 19. e4 dxe4 20. Nxe4 Bc6
21. Nxf6+ Nxf6 22. Qe2 Nd5 23. Qg4 Nxf4 24. Rxf4 Bxf4 25. Qxf4 Rf8 26. Qe5 Qh4
27. Qxe6+ Kh8 28. g3 Qh5 29. Re5 Qf3 30. Qh3+ Kg8 31. Qh7+ 1-0

[Event "Guernsey Open"]
[Site "Guernsey GCI"]
[Date "2006.10.19"]
[Round "5"]
[White "Van Hoek, Wim"]
[Black "Spanton, Timothy R"]
[Result "0-1"]
[WhiteElo "1803"]
[BlackElo "2051"]
[PlyCount "86"]
[EventDate "2006.10.15"]

1. e4 c5 2. Nf3 g6 3. c3 Bg7 4. Bc4 Nc6 5. d4 cxd4 6. cxd4 Qb6 7. e5 Nh6 8. Nc3
e6 9. Bxh6 Bxh6 10. O-O d5 11. exd6 O-O 12. d5 Na5 13. dxe6 Nxc4 14. e7 Re8 15.
d7 Bxd7 16. Qxd7 Qc6 17. Qxc6 bxc6 18. Rfe1 Bg7 19. Na4 Rab8 20. Rac1 Nb6 21.
Nxb6 Rxb6 22. Rcd1 f6 23. Rd7 Kf7 24. b3 Ra6 25. Nd4 Bh6 26. Ne6 Rxa2 27. Nd8+
Kg7 28. Nxc6 Bf4 29. g3 Bd2 30. Re2 Ra1+ 31. Kg2 Bc3 32. Rc2 Ba5 33. b4 Bb6 34.
Rcd2 Kf7 35. Nd8+ Kg7 36. Nb7 Re1 37. Nc5 R8xe7 38. Rxe7+ Rxe7 39. Kf3 Kf7 40.
Rd6 Rc7 41. Rd7+ Rxd7 42. Nxd7 Ke6 43. Ke4 Kxd7 0-1

[Event "Guernsey Open"]
[Site "Guernsey GCI"]
[Date "2006.10.19"]
[Round "5"]
[White "Rowe, Peter"]
[Black "Bower, Daniel"]
[Result "0-1"]
[WhiteElo "2047"]
[BlackElo "2010"]
[PlyCount "84"]
[EventDate "2006.10.15"]

1. d4 Nf6 2. Nf3 d6 3. Bf4 g6 4. e3 Bg7 5. Nbd2 O-O 6. h3 Nbd7 7. Be2 Re8 8.
O-O Nd5 9. Bg3 e5 10. c4 Ne7 11. c5 dxc5 12. dxc5 Nf5 13. Ne4 Nxg3 14. fxg3 Bh6
15. Qb3 Qe7 16. Rac1 Nf8 17. Nfg5 Bxg5 18. Nxg5 Be6 19. Nxe6 Nxe6 20. Qc3 Qg5
21. Bc4 Qxg3 22. Rf3 Qg5 23. Rcf1 Re7 24. b4 Rae8 25. a4 Nd8 26. Bd5 e4 27.
Rxf7 Rxf7 28. Qc4 Qxe3+ 29. Kh2 Ree7 30. Rd1 Kg7 31. Bxf7 Nxf7 32. Qc2 Qf4+ 33.
Kg1 e3 34. Re1 Qf2+ 35. Qxf2 exf2+ 36. Kxf2 Rxe1 37. Kxe1 a6 38. Ke2 Kf6 39.
Ke3 Ke5 40. b5 axb5 41. c6 b6 42. axb5 Nd6 0-1

[Event "Guernsey Open"]
[Site "Guernsey GCI"]
[Date "2006.10.19"]
[Round "5"]
[White "Pollard, Matthew"]
[Black "Von Saldern, Ruediger"]
[Result "0-1"]
[WhiteElo "1930"]
[BlackElo "2090"]
[PlyCount "91"]
[EventDate "2006.10.15"]

1. e4 e5 2. Nf3 Nc6 3. Bb5 a6 4. Ba4 Nf6 5. O-O Be7 6. Re1 b5 7. Bb3 d6 8. h3
O-O 9. c3 Na5 10. Bc2 c5 11. d3 Qc7 12. Be3 Nc6 13. Nbd2 a5 14. a4 b4 15. Bb3
Be6 16. Rc1 Rfb8 17. Bxe6 fxe6 18. c4 Rf8 19. Nh2 Rf7 20. Ndf3 h6 21. Qd2 Raf8
22. g3 Bd8 23. Kg2 Nd4 24. Bxd4 cxd4 25. b3 Nd7 26. Rf1 Nc5 27. Rb1 Kh7 28. h4
Qe7 29. Rh1 Rf6 30. Ng5+ hxg5 31. Ng4 Rg6 32. h5 Rh6 33. Nxh6 gxh6 34. g4 Rf4
35. f3 Qf7 36. Qe2 Bc7 37. Rhf1 d5 38. cxd5 exd5 39. Qc2 Bd6 40. Qe2 dxe4 41.
fxe4 Qe6 42. Rxf4 exf4 43. Qd1 Nd7 44. Rc1 Ne5 45. Kh3 f3 46. Rc2 0-1

[Event "Guernsey Open"]
[Site "Guernsey GCI"]
[Date "2006.10.19"]
[Round "5"]
[White "Reutimann, Hans Peter"]
[Black "Ozanne, Mark"]
[Result "0-1"]
[WhiteElo "1791"]
[BlackElo "2067"]
[PlyCount "52"]
[EventDate "2006.10.15"]

1. d4 Nf6 2. Nf3 g6 3. Bf4 Bg7 4. e3 d6 5. h3 O-O 6. Be2 Nbd7 7. c3 Qe8 8. O-O
e5 9. dxe5 dxe5 10. Bg3 Ne4 11. Bh2 Ndc5 12. b4 Na4 13. Qc2 Nd6 14. Bxe5 Bf5
15. Qb3 Bxe5 16. Nxe5 Qxe5 17. Qxa4 Ne4 18. Bf3 Rfd8 19. Bxe4 Bxe4 20. b5 Bd3
21. Rd1 Bxb5 22. Qb3 Bc6 23. Nd2 Qg5 24. g3 Qh5 25. Kh2 Qe2 26. Rf1 Rxd2 0-1

[Event "Guernsey Open"]
[Site "Guernsey GCI"]
[Date "2006.10.19"]
[Round "5"]
[White "Borland, Tom"]
[Black "Heath, Jeffrey"]
[Result "0-1"]
[WhiteElo "2018"]
[BlackElo "1926"]
[PlyCount "36"]
[EventDate "2006.10.15"]

1. d4 d5 2. Nf3 Nf6 3. Bf4 Nbd7 4. e3 e6 5. Bd3 Bd6 6. Ne5 Qe7 7. O-O c5 8. c3
O-O 9. Qf3 Rd8 10. Nd2 Ne8 11. Rae1 Nf8 12. e4 f6 13. dxc5 Bxe5 14. Bxe5 fxe5
15. b4 Nf6 16. Re2 Qc7 17. Rfe1 Qf7 18. exd5 Nxd5 0-1

[Event "Guernsey Open"]
[Site "Guernsey GCI"]
[Date "2006.10.19"]
[Round "5"]
[White "Jamieson, Ian"]
[Black "O'Shea, Kevin"]
[Result "0-1"]
[WhiteElo "2014"]
[BlackElo "1874"]
[PlyCount "100"]
[EventDate "2006.10.15"]

1. b3 e5 2. Bb2 Nc6 3. e3 d5 4. Bb5 Bd6 5. c4 Nf6 6. c5 Bxc5 7. Bxe5 Bd7 8. Bb2
O-O 9. Nf3 Nb4 10. Be2 Bf5 11. d3 Re8 12. O-O Qe7 13. d4 Bd6 14. Na3 c6 15. Ne5
Rad8 16. f4 Ne4 17. g4 Bc8 18. g5 f6 19. gxf6 gxf6 20. Ng4 Kh8 21. Kh1 Rg8 22.
Nc4 dxc4 23. bxc4 h5 24. Ne5 Bh3 25. Bf3 Qg7 26. Qe2 Bxf1 27. Rxf1 Ng5 28. Bg2
fxe5 29. dxe5 Be7 30. fxg5 Qxg5 31. e6+ Kh7 32. Be4+ Kh6 33. Qe1 Nd3 34. Rf7
Rg6 35. Bxg6 Nxe1 36. Be4 Qg8 37. Rxe7 Nd3 38. Bg7+ Qxg7 39. Rxg7 Kxg7 40. e7
Re8 41. Bxd3 Rxe7 42. e4 Kf6 43. Kg1 Ke5 44. Be2 h4 45. Kg2 Kxe4 46. Kh3 Rh7
47. Bg4 Kd4 48. Be6 Kc3 49. Bg8 Rh8 50. Bf7 Kb2 0-1

[Event "Guernsey Open"]
[Site "Guernsey GCI"]
[Date "2006.10.19"]
[Round "5"]
[White "Taylor, Bob"]
[Black "Downey, Keith"]
[Result "1/2-1/2"]
[WhiteElo "2013"]
[BlackElo "1872"]
[PlyCount "76"]
[EventDate "2006.10.15"]

1. d4 Nf6 2. Nf3 e6 3. Bg5 c5 4. e3 Be7 5. c3 b6 6. Nbd2 Bb7 7. Ne5 O-O 8. Rc1
d6 9. Nef3 Nbd7 10. Bd3 e5 11. dxe5 dxe5 12. e4 Nh5 13. Bxe7 Qxe7 14. O-O Nf4
15. Bc4 Rad8 16. g3 Ne6 17. Qe2 Nc7 18. Rcd1 Bc6 19. Bb3 b5 20. Nh4 g6 21. Qg4
c4 22. Bc2 Kh8 23. Rfe1 Nc5 24. Re3 Rd7 25. b3 Rfd8 26. Qe2 cxb3 27. axb3 N7e6
28. Nhf3 f6 29. b4 Nb7 30. Nb3 Rxd1+ 31. Bxd1 Kg7 32. Bc2 Qc7 33. Rd3 Kf8 34.
Rxd8+ Qxd8 35. Bd3 Qb6 36. Qd2 Kg7 37. Qa2 Ned8 38. Nfd2 Nf7 1/2-1/2

[Event "Guernsey Open"]
[Site "Guernsey GCI"]
[Date "2006.10.19"]
[Round "5"]
[White "Beadle, John"]
[Black "Heymuth, Marcel"]
[Result "1/2-1/2"]
[WhiteElo "1950"]
[BlackElo "1712"]
[PlyCount "50"]
[EventDate "2006.10.15"]

1. e4 d6 2. c4 Nf6 3. Nc3 c5 4. Nf3 g6 5. d4 cxd4 6. Nxd4 Bg7 7. Be2 Qb6 8. Nb3
Nc6 9. Be3 Qd8 10. O-O O-O 11. h3 Bd7 12. Qd2 b6 13. Rad1 Rc8 14. f4 Ne8 15. e5
Be6 16. Nd4 Nxd4 17. Bxd4 Bxc4 18. exd6 Bxd4+ 19. Qxd4 Nxd6 20. Bxc4 Nxc4 21.
Nd5 Qd6 22. Rfe1 Rfe8 23. Rxe7 Rxe7 24. Nf6+ Kf8 25. Nxh7+ Kg8 1/2-1/2

[Event "Guernsey Open"]
[Site "Guernsey GCI"]
[Date "2006.10.19"]
[Round "5"]
[White "Brookfield, Toby"]
[Black "Murray, Steve"]
[Result "1/2-1/2"]
[WhiteElo "1715"]
[BlackElo "2017"]
[PlyCount "32"]
[EventDate "2006.10.15"]

1. e4 c5 2. f4 d6 3. Nf3 a6 4. a4 Nc6 5. Be2 g6 6. O-O Bg7 7. Nc3 e6 8. d3 Nge7
9. Qe1 Nd4 10. Bd1 Bd7 11. Nxd4 cxd4 12. Ne2 O-O 13. Qf2 Nc6 14. Bd2 b5 15. a5
b4 16. Kh1 Rb8 1/2-1/2

[Event "Guernsey Open"]
[Site "Guernsey GCI"]
[Date "2006.10.20"]
[Round "6"]
[White "Fraser, Mark Gordon"]
[Black "Pinheiro, Jose"]
[Result "1-0"]
[WhiteElo "2191"]
[BlackElo "2336"]
[PlyCount "69"]
[EventDate "2006.10.15"]

1. e4 c5 2. c3 g6 3. d4 cxd4 4. cxd4 d5 5. Nc3 Bg7 6. Nxd5 Nc6 7. Bf4 Kf8 8.
Nf3 Bg4 9. Be2 e6 10. Nc3 Bxf3 11. Bxf3 Nxd4 12. e5 Ne7 13. O-O Nec6 14. Bxc6
Nxc6 15. Qe2 Qd4 16. Qf3 Bxe5 17. Bh6+ Ke7 18. Be3 Qc4 19. Ne4 f5 20. Bc5+ Kf7
21. Rfe1 Kg7 22. Ng5 Rhe8 23. Rxe5 Nxe5 24. Qxb7+ Kh6 25. Be3 f4 26. h4 Rh8 27.
Rc1 Qd5 28. Qxd5 exd5 29. Bd4 Rhc8 30. Rxc8 Rxc8 31. Bxe5 Kh5 32. Bxf4 Kxh4 33.
Nxh7 d4 34. Nf6 Rc2 35. Kh2 1-0